Panamá: Cronología del conflicto social de 2010 /
La siguiente es una cronología de hechos vinculados a diferentes conflictos sociales y políticos desarrollados en Panamá, durante el gobierno de Ricardo Martinelli en 2010.
Guardado en:
| Autor principal: | |
|---|---|
| Otros Autores: | , |
| Formato: | Texto |
| Materias: | |
| Etiquetas: |
Agregar Etiqueta
Sin Etiquetas, Sea el primero en etiquetar este registro!
|
MARC
| LEADER | 00000 a a2200000 04500 | ||
|---|---|---|---|
| 001 | 43124 | ||
| 003 | |||
| 040 | |||
| 100 | |a Gandásegui, Marco A. | ||
| 245 | |a Panamá: |b Cronología del conflicto social de 2010 / |c Marco A. Gandásegui ; Azael Carrera y María Abrego | ||
| 520 | |a La siguiente es una cronología de hechos vinculados a diferentes conflictos sociales y políticos desarrollados en Panamá, durante el gobierno de Ricardo Martinelli en 2010. | ||
| 590 | |a RRH/AGOSTO2013 | ||
| 650 | |a 1.CONFLICTOS SOCIALES | ||
| 650 | |a 2.ESTADO | ||
| 650 | |a 3.CRONOLOGIA | ||
| 650 | |a 4.PARTICIPACION SOCIAL | ||
| 700 | |a Carrera, Azael, |e coordinador | ||
| 700 | |a Abrego, María, |e sistematizador | ||
| 773 | |g volumen12, número29 ( mayo, 2011), 185-188 páginas | ||
| 999 | |c 35427 |d 35427 | ||
